000 00306nam a22001097a 4500
008 230621b xxu||||| |||| 00| 0 eng d
082 _a325.35
_bIPU 1982
245 _aBulletin Interparlementaire
260 _aGeneva
_bOfficial Organ of the Inter-Parliamentary Union
_c1982
300 _a124p
942 _2ddc
_cBK
999 _c2195
_d2195